000 nam a22 a 4500
999 _c180
_d180
003 AKMAL
005 20170425100518.0
008 17042 s2004 my | e l 000 0 may d
020 _a967700834X
_cRM30.00
040 _aAKMAL
082 0 4 _a354.595007 PEK
090 0 0 _a354.595007
_bPEK
110 1 _aMalaysia
_9400
245 1 0 _aPekeliling Kemajuan Pentadbiran Awam
_bPindaan(hingga Mac 2004) /
_cdisusun oleh : Lembaga Penyelidikan Undang-Undang
260 _aKuala Lumpur
_bMDC
_c2004
300 _c24cm.
599 _aDALAM PROSES
650 1 0 _aCivil service
_xPersonnel management
_xHandbooks, manuals, etc.
_zMalaysia
_9414
650 2 0 _aCivil service
_xTraining of
_zMalaysia
_9415
650 2 0 _aCivil service ethics
_zMalaysia
_9416
710 2 _aLembaga Penyelidikan Undang-Undang
_9423
942 _2ddc
_cBOOK